Paedagogiai [!Pedagógiai] értekezések az 1892/3. évi gymnasiumi [!gimnáziumi] és reáliskolai értesítőkben (57.) Életpályák. Útmutató a pályaválasztáshoz. Összeállította Ferenczy István.[könyvismertetés] /

Elmentve itt :
Bibliográfiai részletek
Szerző: Waldapfel János
További közreműködők: Ferenczy István
Dokumentumtípus: Cikk
Megjelent: 1894
Sorozat:Magyar pedagógia : a Magyar Tudományos Akadémia Pedagógiai Bizottságának folyóirata 3
Kulcsszavak:Pályaválasztás, Pályaválasztás
Online Access:http://misc.bibl.u-szeged.hu/6995
LEADER 00887nab a2200193 i 4500
001 misc6995
005 20191106144324.0
008 170607s1894 hu o 0|| hun d
022 |a 0025-0260 
040 |a SZTE Miscellanea Repozitórium  |b hun 
041 |a hun 
100 1 |a Waldapfel János 
245 1 0 |a Paedagogiai [!Pedagógiai] értekezések az 1892/3. évi gymnasiumi [!gimnáziumi] és reáliskolai értesítőkben (57.)   |h [elektronikus dokumentum] :  |b Életpályák. Útmutató a pályaválasztáshoz. Összeállította Ferenczy István.[könyvismertetés] /  |c  Waldapfel János 
260 |c 1894 
300 |a 373 
490 0 |a Magyar pedagógia : a Magyar Tudományos Akadémia Pedagógiai Bizottságának folyóirata  |v 3 
695 |a Pályaválasztás, Pályaválasztás 
700 0 1 |a Ferenczy István 
856 4 0 |u http://misc.bibl.u-szeged.hu/6995/1/mp_1894_0233_373.pdf  |z Dokumentum-elérés